MANAGING BY VALUES HOW TO PUT YOUR VALUE (Record no. 21944)

MARC details
000 -LEADER
fixed length control field 00345nam a2200133Ia 4500
008 - FIXED-LENGTH DATA ELEMENTS--GENERAL INFORMATION
fixed length control field 240624s9999 xx 000 0 und d
041 ## - LANGUAGE CODE
Language code of text/sound track or separate title eng
082 ## - DEWEY DECIMAL CLASSIFICATION NUMBER
Classification number 658.4 BLA
100 ## - MAIN ENTRY--PERSONAL NAME
Personal name BLANCHARD KEN
245 ## - TITLE STATEMENT
Title MANAGING BY VALUES HOW TO PUT YOUR VALUE
260 ## - PUBLICATION, DISTRIBUTION, ETC.
Date of publication, distribution, etc. 2011
Place of publication, distribution, etc. New Delhi
Name of publisher, distributor, etc. McGraw-Hill
300 ## - PHYSICAL DESCRIPTION
Extent 154 : p. : cm. ; 21
365 ## - TRADE PRICE
Currency code RS
Price amount 27
Holdings
Withdrawn status Lost status Damaged status Not for loan Home library Current library Shelving location Date acquired Source of acquisition Cost, normal purchase price Full call number Barcode Date last seen Copy number Price effective from Koha item type
        IMTN IMTN Rack 27-A 10/31/2013 UBS 295.00 658.4 BLA 21944 06/24/2024 1 06/24/2024 Books
Designed & Maintained by: LRC IMT Nagpur Contact: lrc@imtnag.ac.in© 2024. All Rights Reserved.